000 01890nam0a2200325 4500
001 RU\NLR\BIBL_A\022728611
005 20260408140904.0
010 _a978-5-7609-2082-9
_9300
021 _aRU
_bКН-П-25-079430
_9КН-П-25-7700
035 _a(NLR Aleph) 022728611
090 _a13654123
_c13654123
100 _a20260216d2025 u y0rusy50 ca
101 0 _arus
102 _aRU
105 _ay j 000zy
181 0 _ai4
_baxxe
182 0 _an
200 1 _aВопросы и задачи по электрохимии
_eучебное пособие
_eдля студентов направлений 04.03.01 - бакалавриат и 04.05.01 - специалитет химико-технологического факультета
_fД. В. Вишневецкий
_gМинистерство науки и высшего образования РФ, Федеральное государственное бюджетное образовательное учреждение высшего образования "Тверской государственный университет"
203 _aТекст
_bвизуальный
_cнепосредственный
210 _aТверь
_cИздательство Тверского государственного университета
_d2025
215 _a83 с.
_d20
300 _aНа с. 83 авт.: Вишневский Дмитрий Викторович, канд. хим. наук
320 _aБиблиогр.: с. 82
606 1 _aЭлектрохимия
_jУчебные издания для высших учебных заведений
_2nlr_sh1
_2nlr_sh2
_3RU\NLR\AUTH\66137367
686 1 _aГ57я73-1
700 1 _aВишневецкий
_bД.В.
_gДмитрий Викторович
942 _cBOOK
980 _aNB